[Event "GER-chT U16"]
[Site "Verden an der Aller"]
[Date "2009.12.28"]
[Round "3.4"]
[White "Mehler, Simon"]
[Black "Kueneke, Niklas"]
[Result "1-0"]
[WhiteElo "1483"]
[BlackElo "1173"]
[PlyCount "60"]
[EventDate "2009.12.27"]
[EventType "team-swiss"]
[EventRounds "7"]
[EventCountry "GER"]
[SourceTitle "EXT 2022"]
[Source "ChessBase"]
[SourceDate "2021.10.06"]
[SourceVersion "1"]
[SourceVersionDate "2021.10.06"]
[SourceQuality "1"]
[WhiteTeam "Porz SG U16"]
[BlackTeam "Illingen Turm U16"]
[WhiteTeamCountry "GER"]
[BlackTeamCountry "GER"]

1. e4 e5 2. Nf3 Nc6 3. Bc4 h6 4. 0-0 Nf6 5. Re1 Bc5 6. c3 d6 7. d4 exd4 8. cxd4 Bb4 9. Nc3 Bxc3 10. bxc3 0-0 11. Qb3 Na5 12. Qa4 Nxc4 13. Qxc4 b6 14. e5 dxe5 15. Nxe5 Be6 16. Qc6 Nd7 17. Ba3 Re8 18. Qf3 Nxe5 19. Rxe5 f6 20. Re4 Qd5 21. Rae1 Rad8 22. Rxe6 Rxe6 23. Qxd5 Rxd5 24. Rxe6 c5 25. Kf1 cxd4 26. Rd6 Rxd6 27. Bxd6 dxc3 28. Ke2 Kf7 29. Kd3 Ke8 30. Kxc3 Kd7 1-0